Istituzioni di diritto privato

Saved in:
Bibliographic Details
Main Author: Branca, Giusepe (Author)
Format: Book
Language:Italian
Published: Bolonia Zanichelli 1958
Edition:4a. ed
Subjects:
Tags: Add Tag
No Tags, Be the first to tag this record!

MARC

LEADER 00000nam a2200000 a 4500
001 UCS1720
003 CL-VaPUC
008 970515e19580000IT |||||||||||||||||ita|d
082 0 4 |a 346.013  |b BRA  |2 21 
100 0 |a Branca, Giusepe  |e author  |9 386445 
245 1 0 |a Istituzioni di diritto privato 
250 |a 4a. ed 
300 |a 771 p 
942 |c BK 
945 |d 19970515 00:00:00  |a paguirre 
260 |a Bolonia  |b Zanichelli  |c 1958 
650 0 |a Derecho civil  |9 255013 
650 0 |a Derecho privado  |9 258243 
650 7 |a CAPACIDAD LEGAL  |2 CL-VaPUC  |9 257162 
650 7 |a PERSONA  |2 CL-VaPUC  |9 327934 
650 0 |a Personas jurídicas  |9 257259 
650 7 |a HECHO JURIDICO  |2 CL-VaPUC  |9 384051 
650 0 |a Voluntad  |9 307812 
650 0 |a Negocio jurídico  |9 258242 
650 0 |a Actos jurídicos  |9 255748 
650 0 |a Derecho de familia  |9 255603 
650 7 |a MATRIMONIO  |2 CL-VaPUC  |9 386446 
650 0 |a Filiación  |9 256647 
650 0 |a Derechos reales  |9 257708 
650 0 |a Bienes  |9 255749 
650 0 |a Propiedad   |9 255268 
650 0 |a Obligaciones   |9 255578 
650 0 |a Contratos  |9 255153 
650 0 |a Derecho sucesorio  |9 255015 
651 0 |a Italia  |9 254949 
583 |a last modification  |c 19970515 00:00:00  |k Rodrigo Vera 
999 |c 259752  |d 259750 
952 |0 0  |1 0  |4 0  |6 346_013000000000000_BRA_1958  |7 0  |8 P  |9 285059  |a BIBDER  |b BIBDER  |d 2019-11-19  |i 1850164  |o 346.013 BRA 1958  |p 1850164  |r 2023-01-25  |w 2019-11-19  |y BK  |k DER